Phân tích và thiết kế hệ thống thông tin
Bewaard in:
| Hoofdauteur: | |
|---|---|
| Formaat: | Boek |
| Gepubliceerd in: |
Khoa học và kỹ thuật
2002
|
| Tags: |
Voeg label toe
Geen labels, Wees de eerste die dit record labelt!
|
| Thư viện lưu trữ: | Mạng thư viện Đại học Đà Nẵng |
|---|
| LEADER | 00592nam a2200229 a 4500 | ||
|---|---|---|---|
| 001 | 000028609 | ||
| 003 | 13939 | ||
| 005 | 20171030145630.0 | ||
| 008 | 171030s2002 | ||
| 020 | |c 27000 | ||
| 040 | |a LTT | ||
| 082 | 0 | |a 003,5 |b TH-C | |
| 100 | 1 | |a Thạc Bình Cường | |
| 245 | 0 | 0 | |a Phân tích và thiết kế hệ thống thông tin |c Thạc Bình Cường. |
| 260 | |b Khoa học và kỹ thuật |c 2002 | ||
| OWN | |a LTT | ||
| 999 | |a From the UDN01 | ||
| TYP | |a Monograph | ||
| TYP | |a Printed language | ||
| 980 | |a Mạng thư viện Đại học Đà Nẵng | ||